MARC details
| 000 -LEADER |
| fixed length control field |
02131nam a22003617a 4500 |
| 001 - CONTROL NUMBER |
| control field |
103654 |
| 003 - CONTROL NUMBER IDENTIFIER |
| control field |
KnowledgeUnlatched |
| 005 - DATE AND TIME OF LATEST TRANSACTION |
| control field |
20210303105039.0 |
| 006 - FIXED-LENGTH DATA ELEMENTS--ADDITIONAL MATERIAL CHARACTERISTICS |
| fixed length control field |
m o d |
| 007 - PHYSICAL DESCRIPTION FIXED FIELD--GENERAL INFORMATION |
| fixed length control field |
cr u|||||||||| |
| 008 - FIXED-LENGTH DATA ELEMENTS--GENERAL INFORMATION |
| fixed length control field |
210129p20182019gw o u00| u ger d |
| 037 ## - SOURCE OF ACQUISITION |
| Institution to which field applies |
BiblioBoard |
| 020 ## - INTERNATIONAL STANDARD BOOK NUMBER |
| International Standard Book Number |
9783737009539 |
| 029 1# - OTHER SYSTEM CONTROL NUMBER (OCLC) |
| OCLC library identifier |
https://library.biblioboard.com/ext/api/media/fb1f9113-344e-4fe0-84d7-49f53e9da348/assets/thumbnail.jpg |
| 040 ## - CATALOGING SOURCE |
| Original cataloging agency |
ScCtBLL |
| Transcribing agency |
ScCtBLL |
| 245 00 - TITLE STATEMENT |
| Title |
Digital Humanities in der internationalen Schulbuchforschung |
| Remainder of title |
Forschungsinfrastrukturen und Projekte / |
| Statement of responsibility, etc. |
Ernesto William De Luca, Maret Nieländer. |
| 264 #1 - PRODUCTION, PUBLICATION, DISTRIBUTION, MANUFACTURE, AND COPYRIGHT NOTICE |
| Name of producer, publisher, distributor, manufacturer |
Vandenhoeck & Ruprecht, |
| 300 ## - PHYSICAL DESCRIPTION |
| Extent |
1 online resource (233 p.) |
| 506 0# - RESTRICTIONS ON ACCESS NOTE |
| Terms governing access |
Access copy available to the general public. |
| Standardized terminology for access restriction |
Unrestricted |
| Source of term |
star |
| 520 ## - SUMMARY, ETC. |
| Summary, etc. |
"Der Einzug digitaler Techniken in die geisteswissenschaftliche Forschung bringt neue Chancen, aber auch Herausforderungen mit sich. Dieser Band beleuchtet, welche Projekte das Georg-Eckert-Institut entwickelt, um die Potentiale der Digital Humanities für die Schulbuchforschung zu erkunden und nutzbar zu machen. Wie werden Daten akquiriert und aufbereitet? Wie Informationen daraus gewonnen? Wie werden diese zugänglich gemacht und zur Nachnutzung zur Verfügung gestellt? Zu Wort kommen neben den Entwicklerinnen und Entwicklern digitaler Forschungsinfrastrukturen auch diejenigen, die die Anwendungen nutzen." |
| 588 0# - SOURCE OF DESCRIPTION NOTE |
| Source of description note |
Description based on print version record. |
| 590 ## - LOCAL NOTE (RLIN) |
| Local note |
KU Open Services |
| 650 #7 - SUBJECT ADDED ENTRY--TOPICAL TERM |
| Topical term or geographic name entry element |
Social Science / Sociology |
| Source of heading or term |
bisacsh |
| 650 #0 - SUBJECT ADDED ENTRY--TOPICAL TERM |
| Topical term or geographic name entry element |
Social sciences |
| 655 #0 - INDEX TERM--GENRE/FORM |
| Genre/form data or focus term |
Electronic books. |
| 700 1# - ADDED ENTRY--PERSONAL NAME |
| Personal name |
De Luca, Ernesto William |
| Relator term |
editor. |
| 700 1# - ADDED ENTRY--PERSONAL NAME |
| Personal name |
Nieländer, Maret |
| Relator term |
editor. |
| 758 ## - |
| -- |
Is found in: |
| -- |
Knowledge Unlatched |
| -- |
https://openresearchlibrary.org/module/2774bc74-146a-484f-a7ba-ab1d6a09bbfb |
| 856 40 - ELECTRONIC LOCATION AND ACCESS |
| Uniform Resource Identifier |
<a href="https://openresearchlibrary.org/content/fb1f9113-344e-4fe0-84d7-49f53e9da348">https://openresearchlibrary.org/content/fb1f9113-344e-4fe0-84d7-49f53e9da348</a> |
| Public note |
View this content on Open Research Library. |
| -- |
0 |